000 00506nam a2200205Ia 4500
003 OSt
005 20230417121623.0
008 210423s2011 xx 000 0 und d
020 _a9788126147977
040 _cAL
041 _aeng
082 _a512.5
_223
_bGUPS
100 _aGUPTA (Sudhir).
_989378
245 _aBasics of linear algebra.
260 _aNew Delhi
_bAnmol Publications
_c2011
300 _a296
_bPB
365 _b900
_cINR
906 _aalgebra. ; Basics ; linear
942 _2ddc
_cBK
999 _c160565
_d160565